Nem vált be a tanárok alkalmassági vizsgája, újraszabhatják a rendszert

Elmentve itt :
Bibliográfiai részletek
Dokumentumtípus: Cikk
Megjelent: 2019-02-28
Sorozat:Eduline.hu
Kulcsszavak:Egyetemi felvételi - tanárszakos alkalmassági vizsga
Online Access:http://univ.bibl.u-szeged.hu/49921
LEADER 00733nab a2200157 i 4500
001 univ49921
005 20190304113804.0
008 190304s2019 hu o 0|| zxx d
040 |a SZTE UnivHistória Repozitórium  |b hun 
041 |a zxx 
245 0 4 |a Nem vált be a tanárok alkalmassági vizsgája, újraszabhatják a rendszert  |h [elektronikus dokumentum] 
260 |c 2019-02-28 
490 0 |a Eduline.hu 
561 |a Egyetemi hirarchívum 
695 |a Egyetemi felvételi - tanárszakos alkalmassági vizsga 
856 4 0 |u http://univ.bibl.u-szeged.hu/49921/1/Fels%C5%91oktat%C3%A1s_%20Nem%20v%C3%A1lt%20be%20a%20tan%C3%A1rok%20alkalmass%C3%A1gi%20vizsg%C3%A1ja%2C%20%C3%BAjraszabhatj%C3%A1k%20a%20rendszert%20-%20EDULINE.hu.pdf  |z Dokumentum-elérés